Datafile (Record no. 76324)

MARC details
000 -LEADER
fixed length control field 00653cab a2200181 4500
001 - CONTROL NUMBER
control field ##L132103
008 - FIXED-LENGTH DATA ELEMENTS--GENERAL INFORMATION
fixed length control field 060110n2006 000 0 eng u
035 ## - SYSTEM CONTROL NUMBER
System control number (Sirsi) u132103
041 0# - LANGUAGE CODE
Language code of text/sound track or separate title eng
100 1# - MAIN ENTRY--PERSONAL NAME
Personal name Weight, David
245 00 - TITLE STATEMENT
Title Datafile
Remainder of title whole-life costs
260 ## - PUBLICATION, DISTRIBUTION, ETC.
Date of publication, distribution, etc. 2006
490 #0 - SERIES STATEMENT
Series statement Building
Volume/sequential designation 270(8412) 6 January 2006, 56-60(5)
520 ## - SUMMARY, ETC.
Summary, etc. Examines the differences in capital, energy, and repair and maintenance costs between a shallow-plan design for a compact school site and a deeper plan with atrium or courtyard. Contains graphs and tables.
590 ## - LOCAL NOTE (RLIN)
Local note IKA170106
690 ## - LOCAL SUBJECT ADDED ENTRY--TOPICAL TERM (OCLC, RLIN)
Topical term or geographic name as entry element BUILT ENVIRONMENT-BUILDING COSTS
942 ## - ADDED ENTRY ELEMENTS (KOHA)
Suppress in OPAC 0
Holdings
Withdrawn status Lost status Source of classification or shelving scheme Damaged status Not for loan Home library Current library Shelving location Date acquired Total Checkouts Full call number Barcode Date last seen Copy number Price effective from Koha item type
    Dewey Decimal Classification     London London Journal article 10/01/2006   L132103 132103-1001 06/08/2019 1 06/08/2019 Archive